13 villages of Newton, Massachusetts - Statistics

General Stats
  • This quiz has been taken 19 times
  • The average score is 7 of 13
Answer Stats
Answer % Correct
Newton Centre
92%
Auburndale
75%
Newtonville
75%
Chestnut Hill
67%
Waban
67%
Newton Lower Falls
58%
Newton Upper Falls
58%
Newton Highlands
50%
West Newton
50%
Newton Corner
42%
Nonantum
33%
Thompsonville
33%
Oak Hill
25%
No matching quizzes found
Score Distribution
Percent of People with Each Score
Percentile by Number Answered
Your Score History
You have not taken this quiz